Hình học họa hình; T2 Sách dùng trong các trường đại học kỹ thuật

Đã lưu trong:
Bibliografiske detaljer
Hovedforfatter: Nguyễn Đình Điện
Format: Bog
Sprog:Undetermined
Udgivet: 330.9 K97
Fag:
Tags: Tilføj Tag
Ingen Tags, Vær først til at tagge denne postø!
Thư viện lưu trữ: Trung tâm Học liệu Trường Đại học Cần Thơ
LEADER 00551nam a2200169Ia 4500
001 CTU_1428
008 210402s9999 xx 000 0 und d
082 |a 516.6 
082 |b Đ305/T2 
100 |a Nguyễn Đình Điện 
245 0 |a Hình học họa hình; T2 
245 0 |b Sách dùng trong các trường đại học kỹ thuật 
245 0 |c Nguyễn Đình Điện, Đỗ Mạnh Môn 
260 |a 330.9 
260 |b K97 
650 |a geometry, descriptive 
980 |a Trung tâm Học liệu Trường Đại học Cần Thơ